000 00939nam a22003137a 4500
001 BR7310130
003 BR-BrBNA
005 20230928084151.0
007 ta
008 230509b bl.||||| |||| 00| 0 por d
040 _aBR-BrBNA
_bpor
_cBiblioteca Nacional de Agricultura
041 _a(Por)
072 _aE15; L00
_b5212
_b/G514
090 _ 5212 BR7310130
110 1 _aFundacao Instituto Brasileiro de Geografia e Estatistica, Curitiba, PR. Delegacia de Estatistica do Parana
_94917
245 1 _aProducao da pecuaria municipal [Estatistica de producao; Parana; Brasil]
260 3 _aCuritiba, PR (Brasil):
_c1973.
300 _a90 p.
500 _aNumerical data
650 _aMicroeconomia
650 _aProducao animal
650 _aPecuaria
650 _aRebanho
650 _aCusto de producao
650 _aEstatistica de producao
650 _aParana
909 _a202309
_bLucia
_c55
_dLucia Elande
942 _cBK
999 _c17247
_d17247